| 000 | 00718nam a22001817a 4500 | ||
|---|---|---|---|
| 999 |
_c61523 _d61523 |
||
| 005 | 20240321153759.0 | ||
| 008 | 240321c2023 ge ||||| |||| 00| 0 geo d | ||
| 022 | _a27208443. | ||
| 041 | _ageo | ||
| 245 |
_aმაცნე: _bენის, ლიტერატურისა და ხელოვნების სერია / _cრედ. ელიზბარ ჯაველიძე. |
||
| 260 |
_aთბილისი, _c2023 |
||
| 653 | _aპერიოდიკა | ||
| 653 | _aხელოვნება | ||
| 653 | _aლიტერატურა | ||
| 653 | _aენა | ||
| 700 |
_a ჯაველიძე, ელიზბარ _eრედაქტორი _921522 |
||
| 942 |
_2udc _cCR |
||